Central Library OPAC University of Rajshahi

Liberalism and Marxism : (Record no. 35800)

MARC details
000 -LEADER
fixed length control field 00800nam a2200265 a 4500
001 - CONTROL NUMBER
control field 35800
003 - CONTROL NUMBER IDENTIFIER
rucl marc code BD-RjUL
005 - DATE AND TIME OF LATEST TRANSACTION
control field 20211209052400.0
008 - FIXED-LENGTH DATA ELEMENTS--GENERAL INFORMATION
fixed length control field 161212r19831976ii b 001 0 eng d
035 ## - SYSTEM CONTROL NUMBER
System control number (BD-RjUL)35895
040 ## - CATALOGING SOURCE
Original cataloging agency DLC
Transcribing agency DLC
Modifying agency DLC
-- BD-RjUL
Language of cataloging eng
041 ## - LANGUAGE CODE
Language code of text/sound track or separate title eng
082 00 - DEWEY DECIMAL CLASSIFICATION NUMBER
Classification number 320
Author mark and year DEL 1983
Edition number 23
100 1# - MAIN ENTRY--PERSONAL NAME
Personal name Deol, D.
9 (RLIN) 109044
245 10 - TITLE STATEMENT
Title Liberalism and Marxism :
Remainder of title an introduction to the study of contemporary politics /
Statement of responsibility, etc. D. Deol.
260 ## - PUBLICATION, DISTRIBUTION, ETC. (IMPRINT)
Place of publication, distribution, etc. New Delhi :
Name of publisher, distributor, etc. Sterling Publishers,
Date of publication, distribution, etc. 1977[Reprinted 1983]
300 ## - PHYSICAL DESCRIPTION
Pagination xvi, 271 p. ;
Size 22 cm.
500 ## - GENERAL NOTE
General note Includes index.
504 ## - BIBLIOGRAPHY, ETC. NOTE
Bibliography, etc Bibliography: p. [256]-260.
650 #0 - SUBJECT ADDED ENTRY--TOPICAL TERM
Topical term or geographic name as entry element Political science.
9 (RLIN) 109045
Topical term or geographic name as entry element State, The.
9 (RLIN) 109046
Topical term or geographic name as entry element Communist state.
9 (RLIN) 6026
942 ## - ADDED ENTRY ELEMENTS (KOHA)
Source of classification or shelving scheme Dewey Decimal Classification
Koha item type Books
Holdings
Lost status Source of classification or shelving scheme Damaged status Not for loan Collection code Permanent Location Current Location Shelving location Date acquired Source of acquisition Cost, normal purchase price Total Checkouts Full call number Date last seen Copy number Koha item type
  Dewey Decimal Classification     Non-fiction Central Library, University of Rajshahi Central Library, University of Rajshahi   27/04/1985 Tulip 22.00   320 DEL 1983 09/06/2014 C-2 Books